Mathematical Speed Memory - Statistics

General Stats
  • This quiz has been taken 403 times
  • The average score is 8 of 12
Answer Stats
Hint Answer % Correct
2+5 7
99%
Double Last Answer 14
95%
Half Last Answer 35
83%
Multiply Last Answer By 5 70
78%
Divide Last Answer By 7 5
74%
Quadruple Last Answer 20
64%
Half Last Answer 10
63%
Square Last Answer 100
59%
Minus 31 From Last Answer 69
55%
Divide Last Answer by 23 3
39%
Double Last Answer 6
38%
Cube Last Answer 216
37%
No matching quizzes found
Score Distribution
Percent of People with Each Score
Percentile by Number Answered
Your Score History
You have not taken this quiz